|
|
|
|
| LEADER |
00000nam a22000007a 4500 |
| 005 |
2022021000590.0 |
| 007 |
cr|||| |||| |
| 008 |
220210s2012 co |||||s|||| 00||0 spa d |
| 020 |
|
|
|a 978-958-648-781-8
|
| 035 |
|
|
|a 35797
|
| 040 |
|
|
|a vLex
|
| 090 |
|
|
|c 12945
|d 12945
|
| 100 |
1 |
|
|a Rincn̤ Soto, Carlos Augusto
|
| 245 |
1 |
0 |
|a Contabilidad siglo XXI
|h [Recurso electrn̤ico] /
|c Carlos Augusto Rincn̤ Soto, Giovanny Lasso Marmolejo, ℓlvaro E. Parrado Bolaǫs
|
| 256 |
|
|
|a Servicio en ln̕ea
|
| 260 |
|
|
|a Bogot:̀
|b ECOE,
|c 2012
|
| 300 |
|
|
|a 1 recurso electrn̤ico
|
| 500 |
|
|
|a Contabilidad siglo XXI, tiene como finalidad ser una herramienta integral para estudiantes, contadores, empresarios y profesores, que se desenvuelven en el m̀bito de la contabilidad, de tal manera que sea una fuente de conocimientos tčnico, con una metodologa̕ prc̀tica de aprendizaje. Est ̀compuesto por informacin̤ actualizada acerca de temas como impuestos, pagos laborales, reformas tributarias, entre otras disposiciones que producen cambios que afectan drs̀ticamente la contabilidad de las compaą̕s; contiene tambiň varios talleres aplicativos y autoevaluaciones que le servirǹ al lector para afianzar y perfeccionar los conocimientos que gradualmente se adquirirǹ con este libro. Contabilidad Siglo XXI, est ̀compuesto por ocho capt̕ulos, entre los cuales usted podr ̀encontrar de la manera ms̀ especf̕ica, clara y concreta la informacin̤ deseada acerca de los temas contables. Este material de trabajo ha sido utilizado en los cursos desarrollados en CETA SIGLO XXI, lo cual ha permitido aplicarlo en el proceso de aprendizaje de estudiantes con diferentes niveles de conocimiento en contabilidad, dando efectivos resultados y nivelando a todos los estudiantes. La revisin̤ y evaluacin̤ de esta obra fue hecha por COFITCO consultora̕s financieras tributarias y comerciales.
|
| 506 |
1 |
|
|a Disponible solo en los productos indicados
|d vLex Global
|d vLex Global (Academic Edition, excluding Law Schools)
|d vLex Global (U.S. Academic Edition, Law Schools)
|d vLex Global (U.S. Academic Edition, excluding Law Schools)
|d vLex Global (Academic Edition, Law Schools)
|
| 650 |
0 |
4 |
|a Contabilidad
|z Colombia
|
| 700 |
1 |
|
|a Lasso Marmolejo, Giovanny
|
| 700 |
1 |
|
|a Parrado Bolaǫs, ℓlvaro E.
|
| 740 |
0 |
|
|a vLex Libros (Servicio en ln̕ea)
|
| 856 |
4 |
0 |
|u https://app.vlex.com/#/sources/35797
|z Acceso restringido
|
| 942 |
|
|
|c BOOK
|
| 999 |
0 |
|
|a Accounting
|